Major League Baseball Multiple Choice - Statistics

General Stats
  • This quiz has been taken 7,486 times
  • The average score is 11 of 15
Answer Stats
Question Answer % Correct
Which team has won the most World Series titles? Yankees
92%
Is Randy Johnson tall, short, or average for a baseball player? Tall
85%
What the heck is an eephus pitch? An extremely slow, high-arcing pitch
80%
Has the the World Series ever been canceled? Yes
80%
What country is the second most-common birthplace of current MLB players? Dominican Republic
78%
What record is held by Aroldis Chapman? Fastest pitch in a Major League game
77%
Which of these player has not hit 50 home runs in a season?
76%
What team was featured in the 1989 movie "Major League"? Indians
76%
Who expressed frustration by breaking bats over both his head and knee? Bo Jackson
73%
What position did Mickey Mantle play for most of his career? Center field
72%
Is it possible for a pitcher to strike out more than three batters in a single inning? Yes
71%
What was unique about pitcher Jim Abbott? He only had one hand
70%
Which baseball player served as a naval aviator in both WWII and the Korean War? Ted Willliams
59%
What batting average is the "Mendoza Line"? .200
54%
What's the most home runs anyone has ever hit in a single game? 4
50%
No matching quizzes found
Score Distribution
Percent of People with Each Score
Percentile by Number Answered
Your Score History
You have not taken this quiz